00644cam a22002174a 45000010009000000050017000090080041000260100017000670200038000840350020001220400023001420410008001650420008001730600010001810800011001910820019002021000006002211010008002272450143002352460048003781631497020180207032756.0100701s2011 enkaf f 001 0 eng  a 2010028005 a9780195383188 (pbk. : alk. paper) a(DNLM)101534666 aDNLM/DLCcDLCdDLC aeng apcc10aWI 39 a616.3300a616.33 CHE222 a4 aSHM00aOxford American handbook of gastroenterology and hepatology /cedited by Adam S Cheifetz ... [et al.] ; with Stuart Bloom, George Webster.13aHandbook of gastroenterology and hepatology